外国人旅行客数の多い国・地域 - Statistics

General Stats
  • This quiz has been taken 83 times
  • The average score is 24 of 30
Answer Stats
順位 国名 単位:千人 % Correct
3 アメリカ 79,256
100%
4 中国 65,700
99%
10 イギリス 39,418
97%
1 フランス 89,322
96%
18 カナダ 22,145
94%
23 インド 17,914
94%
2 スペイン 83,509
93%
5 イタリア 64,513
93%
24 韓国 17,503
93%
9 ドイツ 39,563
92%
12 日本 31,882
92%
8 タイ 39,916
89%
26 ポルトガル 17,174
89%
7 メキシコ 45,024
88%
20 オランダ 20,129
88%
15 ロシア 24,419
86%
28 インドネシア 16,107
86%
13 ギリシャ 31,348
83%
22 ベトナム 18,009
81%
11 オーストリア 31,884
79%
29 シンガポール 15,119
79%
6 トルコ 51,192
78%
19 ポーランド 21,155
78%
14 マレーシア 26,101
76%
27 ハンガリー 16,937
65%
30 チェコ 14,283
60%
17 アラブ首長国連邦 22,575
57%
16 香港 23,752
54%
25 クロアチア 17,353
51%
21 マカオ 18,633
32%
No matching quizzes found
Score Distribution
Percent of People with Each Score
Percentile by Number Answered
Your Score History
You have not taken this quiz